000
00322nam a22001457a 4500
020
_a
0-689-87531-2
082
_a
823
_b
CER/S
100
_a
CERASINI, MARC
245
_a
SPONGEBOB SQUAREPANTS
260
_a
NEW YORK
_b
SIMON SPOTLIGHT
_c
2004
300
_a
143
520
_a
SHORT STORY
650
_a
SHORT STORY
942
_c
BK
999
_c
5791
_d
5791